000 00955nam a2200217 a 4500
001 000122163
003 AM-YEHGA
005 20250617122551.0
008 991210s1981 ru a|||gr||||||||| |rus|d
040 _aAM-YeHGA
041 0 _arus
245 0 0 _aМетоды разведочной геофизики. Электроразведочные методы при разведке и эксплуатации рудных месторождений :
_bСборник научных трудов /
_cНауч.-произв. об-ние Рудгеофизика ; Науч. ред. А.П. Савицкий и М.В. Семенов.
260 _aЛенинград :
_bБ. и.,
_c1981.
300 _a105 с. :
_bил. ;
_c20 см.
650 1 4 _aЭлектроразведка - Сборники
700 1 0 _aСавицкий, А.П.
_eред.
_4edt
700 1 _aСеменов, М.В.
_eред.
_4edt
710 2 _a
942 _2udc
_cBK
090 _c40777
999 _c40121
_d40121